Statistics for Rasputin Lyrics

Click here to take the quiz!

General Stats

  • This quiz has been taken 631 times
  • The average score is 26 of 52

Answer Stats

LyricAnswer% Correct
Ra-RaRasputin
92%
Ra-RaRasputin
92%
Ra-RaRasputin
92%
Ra-RaRasputin
92%
Ra-RaRasputin
92%
Ra-RaRasputin
92%
Ra-RaRasputin
92%
Ra-RaRasputin
92%
Lover of theRussian Queen
81%
Lover of theRussian Queen
81%
Lover of theRussian Queen
81%
Lover of theRussian Queen
81%
There lived a certain manin Russia long ago
79%
Russia's greatestlove machine
79%
Russia's greatestlove machine
79%
Russia's greatestlove machine
79%
Russia's greatestlove machine
79%
It was a shame howhe carried on
62%
It was a shame howhe carried on
62%
But to Moscow chicks,he was such a lovely dear
53%
There was a cat thatreally was gone
53%
There was a cat thatreally was gone
53%
But he also was the kind of teacherwomen would desire
47%
Oh, thoseRussians
45%
Most people looked at himwith terror and with fear
44%
They put some poison intohis wine
43%
Who would healher son
41%
And hunger forpower
39%
He could preach the bible like a preacherfull of Ecstasy and fire
35%
She believed he was aHoly healer
32%
He was big and strongin his eyes a flaming glow
31%
And so they shot himuntil he was dead
31%
He drank it all and saidI feel fine
30%
And hereally came
30%
They wanted more, theywanted his head
29%
Becamelouder and louder
28%
Then one night some men ofhigher standing
27%
The demands to do something about thisoutrageous man
26%
Became known tomore and more people
23%
Though she'd heard thethings he'd done
22%
For the queen he was nowheeler dealer
22%
In all affairs of statehe was the man to please
21%
He ruled the Russian landand never mind the Czar
20%
But he was real great when hehad a girl to squeeze
20%
"Come and visit us"they kept demanding
20%
"This man's just got to go"Declared his enemies
19%
But the ladies beggedDon't you try to do it, please
19%
Though he was a brutethey just fell into his arms
19%
Set a trap,they're not to blame
18%
But at the kazachokhe danced really wunderbar
17%
But when hisdrinking and lusting
15%
No doubt this Rasputinhad lots of hidden charms
13%

Score Distribution

Percentile by Number Answered

Percent of People with Each Score

Your Score History

You have not taken this quiz